Oftalmología clínica / (Registro nro. 2140)

Detalles MARC
000 -LEADER
fixed length control field 01422nam a2200445 a 4500
005 - FECHA ULTIMA MODIFICACION
control field 20240503104044.0
008 - CAMPO DE CONTROL (LIBRO)
fixed length control field 100611t2012||||sp a f |||| 001 0 spa d
020 ## - INTERNATIONAL STANDARD BOOK NUMBER
ISBN 9788480869157
041 ## - CODIGO DE IDIOMA
Código de idioma del texto/pista de sonido o título separado spa
092 ## - SIGNATURA TOPOGRAFICA DEWEY LOCAL
número de clasificación 617.7
libristica 46
sección KAN
100 1# - ENTRADA PRINCIPAL--NOMBRE PERSONAL
Nombre personal Kansky, Jack J.
9 (RLIN) 1242
245 ## - TITULO PROPIAMENTE DICHO
Título Oftalmología clínica /
Mención de responsabilidad y remanente de la transcripción de la portada Jack J. Kanski
250 ## - MENCION DE EDICION
Mención de edición 7a ed. en español
Mención de responsabilidad relacionada con la ed. Revisión científica Juan Antonio Durán de la Colina
260 ## - PIE DE IMPRENTA
Lugar de publicación, distribución, etc Barcelona:
Nombre de la editorial, distribuidor, etc Elsevier;
Fecha de publicación 2012.
300 ## - DESCRIPCION FISICA
Extension 909 p.
500 ## - NOTA GENERAL
Nota general Kansky, J. J. y Bowling, B. (2012). Oftalmología clínica. (7a ed.). Barcelona : Elsevier.
653 ## - TÉRMINO INDIZADO - PALABRAS CLAVES
Palabra clave Párpados
653 ## - TÉRMINO INDIZADO - PALABRAS CLAVES
Palabra clave Sistema de drenaje lagrimal
653 ## - TÉRMINO INDIZADO - PALABRAS CLAVES
Palabra clave Órbita
653 ## - TÉRMINO INDIZADO - PALABRAS CLAVES
Palabra clave Trastornos de la sequedad ocular
653 ## - TÉRMINO INDIZADO - PALABRAS CLAVES
Palabra clave Conjuntiva
653 ## - TÉRMINO INDIZADO - PALABRAS CLAVES
Palabra clave Córnea
653 ## - TÉRMINO INDIZADO - PALABRAS CLAVES
Palabra clave Cirugía corneal y refractiva
653 ## - TÉRMINO INDIZADO - PALABRAS CLAVES
Palabra clave Epiesclerótica y esclerótica
653 ## - TÉRMINO INDIZADO - PALABRAS CLAVES
Palabra clave Cristalino
653 ## - TÉRMINO INDIZADO - PALABRAS CLAVES
Palabra clave Glaucoma
653 ## - TÉRMINO INDIZADO - PALABRAS CLAVES
Palabra clave Uveítis
653 ## - TÉRMINO INDIZADO - PALABRAS CLAVES
Palabra clave Tumores oculares
653 ## - TÉRMINO INDIZADO - PALABRAS CLAVES
Palabra clave Vasculopatía retiniana
653 ## - TÉRMINO INDIZADO - PALABRAS CLAVES
Palabra clave Trastornos maculares adquiridos
653 ## - TÉRMINO INDIZADO - PALABRAS CLAVES
Palabra clave Distrofias hereditarias de la retins
653 ## - TÉRMINO INDIZADO - PALABRAS CLAVES
Palabra clave Desprendimiento de retina
653 ## - TÉRMINO INDIZADO - PALABRAS CLAVES
Palabra clave Opacidades vítreas
653 ## - TÉRMINO INDIZADO - PALABRAS CLAVES
Palabra clave Estrabismo
653 ## - TÉRMINO INDIZADO - PALABRAS CLAVES
Palabra clave Neurooftalmología
653 ## - TÉRMINO INDIZADO - PALABRAS CLAVES
Palabra clave Efectos secundarios oculares de la medicación sistémica
653 ## - TÉRMINO INDIZADO - PALABRAS CLAVES
Palabra clave Traumatismo
700 1# - ENTRADAS SECUNDARIAS - NOMBRE PERSONAL
Nombre personal Bowling, Brad
9 (RLIN) 1243
942 ## - ADDED ENTRY ELEMENTS (KOHA)
Source of classification or shelving scheme Dewey Decimal Classification
Item type Libros
Existencias
Estado de retiro Existencia Fuente de clasificación Estado general No para prestamo Colección Ubicación permanente ubicación actual Sala de ubicación Fecha de adquisición Costo, precio normal de compra Total Checkouts Número de clasificación Código de barras Date last seen Date last borrowed Número de ejemplar Price effective from Koha tipo de elemento (item) Public note Total Renewals
    Dewey Decimal Classification     Reference Biblioteca Medicina Biblioteca Medicina Referencia 06/02/2015 1240.00 2 617.7 46 KAN 3445 10/04/2017 07/04/2017 Ej. 1 06/02/2015 Reference LIBRO DE CONSULTA. COMPRA ENERO 2015  
    Dewey Decimal Classification       Biblioteca Medicina Biblioteca Medicina Circulación 06/02/2015 1240.00 14 617.7 46 KAN 3446 10/04/2024 03/04/2024 Ej. 2 06/02/2015 Libros COMPRA ENERO 2015 3

UNIVERSIDAD NACIONAL DEL COMAHUE
Biblioteca de la Facultad de Ciencias Médicas
Sede Toschi: Los Arrayanes y Av. Toschi, Cipolletti  - Rio Negro
Sede Los Tordos:  Yrigoyen al 2211, Cipolletti - Rio Negro 

Teléfono: 0299 - 4774707 int 25
Contacto: biblioteca@facimed.uncoma.edu.ar
© 2011 - 2026